000 00690nam a2200241Ia 4500
003 OSt
005 20220926044945.0
006 a|||||r|||| 00| 0
007 ta
008 220923b |||||||| |||| 00| 0 eng d
037 _cGeneral Book
040 _aRTL
_cRTL
_beng
041 _2eng
_aeng
082 _aX64:9581p73,N68, K9
100 _aGardner Esmond B Ed.
_9349602
110 _aRichard d irwin,inc ontasio
_9349603
245 0 _aPension fund investment management
260 _c1969
300 _a140
_ccm.
700 _aRichard d irwin,inc ontasio
_9349604
942 _hX64:9581p73,N68, K9
_cGB
_2CC
999 _c676227
_d676227